[Event "AI Cup Div 3 W"]
[Site "chess.com INT"]
[Date "2023.09.25"]
[Round "1.1"]
[White "Esipenko, Andrey"]
[Black "Chigaev, Maksim"]
[Result "1-0"]
[WhiteTitle "GM"]
[BlackTitle "GM"]
[WhiteElo "2683"]
[BlackElo "2615"]
[WhiteFideId "24175439"]
[BlackFideId "4108116"]
[EventDate "2023.09.25"]
[EventType "k.o."]

1. g3 d5 2. Nf3 Nf6 3. Bg2 e6 4. O-O Be7 5. c4 O-O 6. d3 c5 7. d4 Nc6 8. cxd5
exd5 9. Nc3 h6 10. Bf4 Be6 11. Rc1 c4 12. Ne5 Qb6 13. b3 Ba3 14. Rb1 Bf5 15. e4
Nxe4 16. Nxe4 dxe4 17. Nxc4 Qa6 18. d5 Rfd8 19. d6 Bc5 20. Qd5 Qb5 21. Be3 1-0

[Event "AI Cup Div 3 W"]
[Site "chess.com INT"]
[Date "2023.09.25"]
[Round "1.1"]
[White "Tomashevsky, Evgeny"]
[Black "Kobo, Ori"]
[Result "1-0"]
[WhiteTitle "GM"]
[BlackTitle "GM"]
[WhiteElo "2694"]
[BlackElo "2551"]
[WhiteFideId "4147235"]
[BlackFideId "2812320"]
[EventDate "2023.09.25"]
[EventType "k.o."]

1. d4 Nf6 2. c4 g6 3. Nc3 Bg7 4. e4 d6 5. Nf3 O-O 6. Be2 e5 7. O-O b6 8. Re1
exd4 9. Nxd4 Bb7 10. Bd3 Nbd7 11. Bg5 h6 12. Bh4 Re8 13. Bc2 Ne5 14. b3 Qd7 15.
Rc1 a6 16. Bb1 c5 17. Nf3 Nxf3+ 18. Qxf3 Ng4 19. Rcd1 Ne5 20. Qe3 b5 21. cxb5
axb5 22. h3 f5 23. f4 Nf7 24. Nd5 Bxd5 25. Rxd5 g5 26. Bf2 Bd4 27. Qd2 Bxf2+ 28.
Qxf2 fxe4 29. Bxe4 Re7 30. fxg5 Nxg5 31. Rxg5+ hxg5 32. Bxa8 Rxe1+ 33. Qxe1 1-0

[Event "AI Cup Div 3 W"]
[Site "chess.com INT"]
[Date "2023.09.25"]
[Round "1.1"]
[White "Radjabov, Teimour"]
[Black "Paravyan, David"]
[Result "1/2-1/2"]
[WhiteTitle "GM"]
[BlackTitle "GM"]
[WhiteElo "2745"]
[BlackElo "2599"]
[WhiteFideId "13400924"]
[BlackFideId "4194985"]
[EventDate "2023.09.25"]
[EventType "k.o."]

1. d4 d5 2. c4 e6 3. Nc3 Nf6 4. Nf3 c5 5. e3 Nc6 6. cxd5 exd5 7. Be2 Be7 8. O-O
O-O 9. b3 Ne4 10. Bb2 Bf6 11. Na4 cxd4 12. Nxd4 Bd7 13. Rc1 Nxd4 14. Bxd4 Bxa4
15. bxa4 Rc8 16. Rxc8 Qxc8 17. Bxf6 Nxf6 18. Qd4 b6 19. Bd3 Qc7 20. h3 Rc8 21.
Bf5 Re8 22. Rd1 Qc5 23. g4 h6 24. Kg2 Re7 25. Qf4 Qc7 26. Qd4 Qc6 27. Rd2 g6 28.
Bd3 Ne4 29. Rc2 Nc5 30. a5 Qe6 31. Be2 Qe4+ 32. Qxe4 dxe4 33. h4 Kg7 34. Kg3 g5
35. hxg5 hxg5 36. axb6 axb6 37. Rb2 Re6 38. Rd2 Nd3 39. Bxd3 Rd6 40. f3 exd3 41.
e4 b5 42. Kf2 Ra6 43. Ke3 Ra3 44. Rxd3 Rxa2 45. Rd5 Ra3+ 46. Kf2 f6 47. Rxb5 Kg6
48. e5 fxe5 49. Rxe5 Rb3 50. Rd5 Ra3 51. Ke2 Kf6 52. Rd6+ Kf7 53. Rd3 Ra1 54.
Ke3 Re1+ 55. Kd4 Kf6 56. Rc3 Rd1+ 57. Ke4 Re1+ 58. Kd3 Rd1+ 59. Ke2 Ra1 60. Rc6+
Kf7 61. Ke3 Ra4 62. Rd6 Rb4 63. Rd4 Rb1 64. Rc4 Re1+ 65. Kd4 Kf6 66. Rc6+ Kf7
67. Rb6 Re2 68. Rb5 Kf6 69. Rf5+ Kg6 70. Re5 Rd2+ 71. Ke4 Re2+ 72. Kd5 Rd2+ 73.
Ke4 Re2+ 74. Kd4 Rd2+ 75. Ke3 Rd1 76. Re4 Kf6 77. Rd4 Re1+ 78. Kf2 Ra1 79. Rd6+
Kf7 80. Ke3 Re1+ 81. Kd4 Re2 82. Rd5 Kf6 83. Rf5+ Kg6 84. Kd5 Ra2 85. Re5 Ra5+
86. Ke6 Ra3 1/2-1/2

[Event "AI Cup Div 3 W"]
[Site "chess.com INT"]
[Date "2023.09.25"]
[Round "1.1"]
[White "Sevian, Samuel"]
[Black "Yilmaz, Mustafa"]
[Result "1-0"]
[WhiteTitle "GM"]
[BlackTitle "GM"]
[WhiteElo "2698"]
[BlackElo "2640"]
[WhiteFideId "2040506"]
[BlackFideId "6302718"]
[EventDate "2023.09.25"]
[EventType "k.o."]

1. Nf3 d5 2. e3 Nf6 3. c4 e6 4. b3 Bd6 5. Bb2 c5 6. cxd5 exd5 7. d4 Nc6 8. dxc5
Bxc5 9. Bb5 O-O 10. O-O Bg4 11. h3 Bh5 12. Qc2 Bd6 13. Bxc6 bxc6 14. Nbd2 Rc8
15. Be5 Re8 16. Bxd6 Qxd6 17. Rac1 c5 18. Qb2 a5 19. Rc3 Ne4 20. Nxe4 dxe4 21.
Nd2 Rcd8 22. Rc2 a4 23. Rfc1 axb3 24. axb3 Bg6 25. Nf1 Re5 26. Qa3 h5 27. Rd2
Rd5 28. Rxd5 Qxd5 29. Rxc5 Qb7 30. Rc1 Rd3 31. Rb1 h4 32. Qa4 Bh5 33. b4 Rd6 34.
Qc2 Rg6 35. Kh1 Qd5 36. Nh2 Qd3 37. Qb2 Rg5 38. b5 Rc5 39. b6 Rc2 40. Qe5 Rxf2
41. Rg1 Qxe3 42. b7 1-0

[Event "AI Cup Div 3 W"]
[Site "chess.com INT"]
[Date "2023.09.25"]
[Round "1.1"]
[White "Xiong, Jeffery"]
[Black "Matlakov, Maxim"]
[Result "1/2-1/2"]
[WhiteTitle "GM"]
[BlackTitle "GM"]
[WhiteElo "2693"]
[BlackElo "2674"]
[WhiteFideId "2047640"]
[BlackFideId "4168003"]
[EventDate "2023.09.25"]
[EventType "k.o."]

1. c4 c6 2. e4 d5 3. exd5 cxd5 4. d4 Nf6 5. Nc3 e6 6. Nf3 Bb4 7. cxd5 exd5 8.
Bd3 O-O 9. O-O Bg4 10. Bg5 Bxc3 11. bxc3 Nbd7 12. h3 Bh5 13. c4 dxc4 14. Bxc4
Rc8 15. Bb3 Qa5 16. Qd2 Qxd2 17. Nxd2 Nb6 18. Bxf6 gxf6 19. Ne4 Kg7 20. f4 Be2
21. Rfe1 Bc4 22. Nd6 Rc6 23. Nf5+ Kh8 24. Re7 Be6 25. Ne3 Rd8 26. f5 Nc8 27.
Rxb7 Bxb3 28. axb3 Rxd4 29. Rxf7 Kg8 30. Rb7 h5 31. Ra5 a6 32. Rd5 Rxd5 33. Nxd5
Kf8 34. Nf4 Nd6 35. Ng6+ Ke8 36. Re7+ Kd8 37. Re6 Rc1+ 38. Kh2 Nxf5 39. Rxa6 Ne3
40. Kg3 Rc3 41. b4 Rb3 42. Re6 Nd5+ 43. Kh4 Rxb4+ 44. Kxh5 Kd7 45. Nf8+ Kc7 46.
g3 Rb3 47. Kh4 Rb4+ 48. g4 Rb3 49. Re4 Rf3 50. Ne6+ Kd7 51. Nd4 Rd3 52. Nf5 Rf3
53. Rd4 Ke6 54. Rd2 Ke5 55. Re2+ Kf4 56. Ne7 Ne3 57. Ra2 Ke5 58. Ng6+ Ke6 59.
Re2 Kf7 60. Kh5 Rxh3+ 61. Nh4 Nd5 62. Rf2 Ke6 63. g5 fxg5 64. Kxg5 Rg3+ 65. Kh6
Rg1 66. Re2+ Kd6 67. Nf5+ Kc5 1/2-1/2

[Event "AI Cup Div 3 W"]
[Site "chess.com INT"]
[Date "2023.09.25"]
[Round "1.1"]
[White "Kramnik, Vladimir"]
[Black "Asadli, Vugar"]
[Result "1/2-1/2"]
[WhiteTitle "GM"]
[BlackTitle "GM"]
[WhiteElo "2753"]
[BlackElo "2563"]
[WhiteFideId "4101588"]
[BlackFideId "13405764"]
[EventDate "2023.09.25"]
[EventType "k.o."]

1. Nf3 Nf6 2. g3 g6 3. Bg2 Bg7 4. O-O O-O 5. d4 d6 6. Re1 Nbd7 7. e4 e5 8. Nc3
Re8 9. h3 b6 10. a4 a5 11. Bg5 Bb7 12. Qd2 Qc8 13. Rad1 exd4 14. Nxd4 Nc5 15. f3
Ne6 16. Be3 Nd7 17. Ndb5 Ne5 18. b3 Nc6 19. Nd5 Ne7 20. Bf2 Bc6 21. Nxd6 cxd6
22. Nxb6 Qb7 23. Nxa8 Qxa8 24. Qxd6 g5 25. f4 Bc3 1/2-1/2

[Event "AI Cup Div 3 W"]
[Site "chess.com INT"]
[Date "2023.09.25"]
[Round "1.1"]
[White "Kravtsiv, Martyn"]
[Black "Robson, Ray"]
[Result "1-0"]
[WhiteTitle "GM"]
[BlackTitle "GM"]
[WhiteElo "2598"]
[BlackElo "2699"]
[WhiteFideId "14113147"]
[BlackFideId "2023970"]
[EventDate "2023.09.25"]
[EventType "k.o."]

1. e4 e5 2. Nf3 Nc6 3. Bc4 Nf6 4. Ng5 d5 5. exd5 Na5 6. Bb5+ c6 7. dxc6 bxc6 8.
Bd3 Nd5 9. Nf3 Bd6 10. Nc3 O-O 11. Be2 f5 12. d3 e4 13. Nd4 Nxc3 14. bxc3 Qc7
15. h3 Be5 16. O-O c5 17. Nb5 Qc6 18. d4 Bf6 19. Bf4 Ba6 20. Rb1 Rfd8 21. Nc7
Bxe2 22. Qxe2 Rac8 23. d5 Qd7 24. Ne6 Re8 25. Rfd1 c4 26. Qe3 Qe7 27. Rb5 Nc6
28. Nxg7 Bxg7 29. dxc6 Rxc6 30. Rxf5 Rg6 31. Rfd5 Qf8 32. g3 h6 33. Rd7 Qf5 34.
Kh2 Rf8 35. R1d5 Qe6 36. R5d6 Qf5 37. Rxg6 Qxg6 38. Rxa7 Rd8 39. Re7 Rd1 40.
Qxe4 Qh5 41. Re8+ Bf8 42. Qe6+ Qf7 43. Qxf7+ Kxf7 44. Re4 Ra1 45. Rxc4 Rxa2 46.
Kg2 Rxc2 47. Rc6 h5 48. Be3 Be7 49. h4 Ke8 50. Bd4 Bf8 51. Re6+ Kd7 52. Re5 1-0

[Event "AI Cup Div 3 W"]
[Site "chess.com INT"]
[Date "2023.09.25"]
[Round "1.2"]
[White "Chigaev, Maksim"]
[Black "Esipenko, Andrey"]
[Result "0-1"]
[WhiteTitle "GM"]
[BlackTitle "GM"]
[WhiteElo "2615"]
[BlackElo "2683"]
[WhiteFideId "4108116"]
[BlackFideId "24175439"]
[EventDate "2023.09.25"]
[EventType "k.o."]

1. e4 e5 2. Nf3 Nf6 3. d4 Nxe4 4. dxe5 d5 5. Nbd2 Nxd2 6. Bxd2 Be7 7. Bd3 c5 8.
c3 Nc6 9. O-O Be6 10. Re1 g5 11. Be3 a6 12. b4 g4 13. Nd2 cxb4 14. cxb4 Bxb4 15.
Rb1 Qe7 16. Qa4 O-O 17. a3 Bc3 18. Bxh7+ Kg7 19. Qf4 Qh4 20. Bd3 Bxe5 21. Qg5+
Qxg5 22. Bxg5 b5 23. f4 Bd4+ 24. Kh1 Bd7 25. f5 f6 26. Bf4 Ne5 27. Bc2 Rac8 28.
Nb3 Bb6 29. Rbc1 Rfe8 30. Bb1 Nc4 31. h3 gxh3 32. gxh3 Nxa3 33. Bd3 Nc4 34. Kh2
a5 0-1

[Event "AI Cup Div 3 W"]
[Site "chess.com INT"]
[Date "2023.09.25"]
[Round "1.2"]
[White "Kobo, Ori"]
[Black "Tomashevsky, Evgeny"]
[Result "0-1"]
[WhiteTitle "GM"]
[BlackTitle "GM"]
[WhiteElo "2551"]
[BlackElo "2694"]
[WhiteFideId "2812320"]
[BlackFideId "4147235"]
[EventDate "2023.09.25"]
[EventType "k.o."]

1. e4 e5 2. Nf3 Nc6 3. Bb5 a6 4. Ba4 Nf6 5. O-O Be7 6. d3 b5 7. Bb3 d6 8. a3 O-O
9. Nc3 h6 10. Be3 Re8 11. a4 b4 12. Nd5 Na5 13. Nxb4 Rb8 14. Nd5 Nxb3 15. Nxe7+
Qxe7 16. cxb3 Bg4 17. Rc1 c5 18. Rc3 Qe6 19. h3 Bh5 20. Kh2 Rb7 21. Rg1 Bxf3 22.
Qxf3 Reb8 23. g4 Rxb3 24. g5 hxg5 25. Bxg5 Ne8 26. Bc1 Rxc3 27. bxc3 c4 28. d4
Qf6 29. Qg3 exd4 30. Bg5 Qe5 31. Bf4 Qxe4 32. Bh6 Rb1 33. Rg2 Qe1 34. Qf3 Qh1+
35. Kg3 Rg1 0-1

[Event "AI Cup Div 3 W"]
[Site "chess.com INT"]
[Date "2023.09.25"]
[Round "1.2"]
[White "Yilmaz, Mustafa"]
[Black "Sevian, Samuel"]
[Result "0-1"]
[WhiteTitle "GM"]
[BlackTitle "GM"]
[WhiteElo "2640"]
[BlackElo "2698"]
[WhiteFideId "6302718"]
[BlackFideId "2040506"]
[EventDate "2023.09.25"]
[EventType "k.o."]

1. d4 Nf6 2. c4 e6 3. Nf3 d5 4. Nc3 Bb4 5. Bg5 h6 6. Bxf6 Qxf6 7. a3 Bxc3+ 8.
bxc3 O-O 9. e3 c5 10. h4 Qd8 11. cxd5 exd5 12. Bd3 Bg4 13. Bc2 Nd7 14. Qd3 g6
15. h5 Bxh5 16. Rxh5 c4 17. Qe2 gxh5 18. Kd2 Re8 19. Rh1 Nf6 20. Ne5 Rxe5 21.
dxe5 Ne4+ 22. Bxe4 dxe4+ 23. Kc2 Rc8 24. Rxh5 Qd3+ 25. Qxd3 exd3+ 26. Kc1 Rc6
27. Rh4 b5 28. Rd4 Kf8 29. Rd5 Rb6 30. Kd2 Ra6 31. Rxb5 Rxa3 32. e4 Ra2+ 33. Ke3
Re2+ 34. Kf3 Re1 35. Rb2 a5 36. Kf4 a4 37. Kf5 a3 38. Rb7 d2 39. Kf6 Ke8 40.
Rb8+ Kd7 41. Kxf7 d1=Q 42. e6+ Kc7 43. e7 Qh5+ 0-1

[Event "AI Cup Div 3 W"]
[Site "chess.com INT"]
[Date "2023.09.25"]
[Round "1.2"]
[White "Asadli, Vugar"]
[Black "Kramnik, Vladimir"]
[Result "0-1"]
[WhiteTitle "GM"]
[BlackTitle "GM"]
[WhiteElo "2563"]
[BlackElo "2753"]
[WhiteFideId "13405764"]
[BlackFideId "4101588"]
[EventDate "2023.09.25"]
[EventType "k.o."]

1. e4 c5 2. Nf3 e6 3. d4 cxd4 4. Nxd4 Nf6 5. Nc3 Nc6 6. Ndb5 d6 7. Bf4 e5 8. Bg5
a6 9. Na3 b5 10. Nd5 Be7 11. Bxf6 Bxf6 12. c3 Rb8 13. Nc2 Bg5 14. a4 bxa4 15.
Ncb4 Nxb4 16. cxb4 O-O 17. Rxa4 a5 18. b5 Bd7 19. Nc3 d5 20. Nxd5 Bxb5 21. Bxb5
Rxb5 22. O-O Qb8 23. Qa1 Bd8 24. Ra2 Bb6 25. Qc1 Bd4 26. Qg5 Kh8 27. Ra3 h6 28.
Qg4 f5 29. Qh4 fxe4 30. Ne7 Rxf2 31. Rxf2 Rxb2 0-1

[Event "AI Cup Div 3 W"]
[Site "chess.com INT"]
[Date "2023.09.25"]
[Round "1.2"]
[White "Robson, Ray"]
[Black "Kravtsiv, Martyn"]
[Result "1-0"]
[WhiteTitle "GM"]
[BlackTitle "GM"]
[WhiteElo "2699"]
[BlackElo "2598"]
[WhiteFideId "2023970"]
[BlackFideId "14113147"]
[EventDate "2023.09.25"]
[EventType "k.o."]

1. c4 e6 2. Nc3 d5 3. d4 Nf6 4. cxd5 exd5 5. Bg5 c6 6. e3 Be7 7. Bd3 Nbd7 8. Nf3
O-O 9. O-O Ne4 10. Bf4 Ndf6 11. h3 Bf5 12. g4 Nxc3 13. bxc3 Bxd3 14. Qxd3 Qc8
15. Kg2 b5 16. a4 a6 17. Bg5 Re8 18. Bxf6 Bxf6 19. Ra2 Rb8 20. axb5 cxb5 21.
Rfa1 Rb6 22. Qf5 Qxf5 23. gxf5 Ra8 24. Ne1 Be7 25. Nd3 Bd6 26. Nb4 Bxb4 27. cxb4
g6 28. fxg6 hxg6 29. Rc1 Rd6 30. Rc7 Re8 31. Rac2 Ree6 32. Kg3 Kg7 33. h4 Rf6
34. R2c5 Kh6 35. Re7 Rf5 36. f4 Kg7 37. Re5 Rxe5 38. fxe5 Rd7 39. Rc6 Ra7 40.
Rd6 Rc7 41. Rxd5 Rc4 42. Rd6 Rxb4 43. Rxa6 Rb1 44. Ra7 Kf8 45. Rb7 b4 46. Kf4 b3
47. Ke4 b2 48. Kd5 Kg8 49. Kd6 Kf8 50. d5 Kg8 51. e4 Kf8 52. Kd7 Kg7 53. d6 g5
54. hxg5 Kg6 55. Ke7 Re1 56. Rxb2 Rxe4 57. Rb5 1-0

[Event "AI Cup Div 3 W"]
[Site "chess.com INT"]
[Date "2023.09.25"]
[Round "1.2"]
[White "Paravyan, David"]
[Black "Radjabov, Teimour"]
[Result "1/2-1/2"]
[WhiteTitle "GM"]
[BlackTitle "GM"]
[WhiteElo "2599"]
[BlackElo "2745"]
[WhiteFideId "4194985"]
[BlackFideId "13400924"]
[EventDate "2023.09.25"]
[EventType "k.o."]

1. e4 e5 2. Nf3 Nc6 3. Bb5 Nf6 4. O-O Nxe4 5. Re1 Nd6 6. Nxe5 Be7 7. Bf1 Nxe5 8.
Rxe5 O-O 9. d4 Bf6 10. Re1 Re8 11. c3 Rxe1 12. Qxe1 Ne8 13. Bf4 d5 14. Nd2 g6
15. Qe2 c6 16. Re1 Ng7 17. h3 Bf5 18. g4 Be6 19. Nb3 b6 20. Nc1 Bg5 21. Qe3 Bxf4
22. Qxf4 h5 23. Nd3 hxg4 24. hxg4 f6 25. Qh6 Bxg4 26. Nf4 Bf5 27. Nxg6 Bxg6 28.
Qxg6 Qd7 29. Qxf6 Rf8 30. Qg6 Rf4 31. Bg2 Rg4 32. Re8+ Qxe8 33. Qxg4 Qe1+ 34.
Bf1 Qd2 35. Qc8+ Kh7 36. Qh3+ Kg8 37. Bd3 Qg5+ 38. Kh2 Nh5 39. Qc8+ Kg7 40. Qd7+
Kf8 41. Qf5+ Qxf5 42. Bxf5 Ke7 43. Kh3 Kf6 44. Kg4 Ng7 45. Bd7 c5 46. Kf4 cxd4
47. cxd4 Nh5+ 48. Kg4 Ng7 49. Kf3 Ke7 50. Bg4 Ne8 51. Kf4 Kf6 52. Bf3 Nc7 53.
Ke3 Ke6 54. Bg4+ Kf6 55. Bh3 Nb5 56. Bg2 Ke6 57. f4 Nd6 58. Bh3+ Kf6 59. Kd3 a5
60. Bd7 Nc4 61. b3 Nd6 62. Bg4 Kg6 63. Bf3 Kf5 64. Ke3 Ke6 65. Bg4+ Kf6 66. Bd7
Ke7 67. Bh3 Kf6 68. Bg4 Nb5 69. Bf3 Ke6 70. Kd3 Nd6 71. a3 Nb5 72. a4 Nd6 73.
Kc3 Kf5 74. Bxd5 Kxf4 75. Kd3 Kf5 76. Ke3 Kf6 77. Bg2 Ke6 78. Bh3+ Kd5 79. Bg2+
Ke6 80. Bc6 Nf5+ 81. Ke4 Nd6+ 82. Kf4 Nc8 83. Bb5 Kd5 84. Ke3 Nd6 85. Bd3 Ke6
86. Bc4+ Kf5 87. Kf3 Ne8 88. Bd3+ Ke6 89. Ke3 Nd6 90. Bf1 Nf5+ 91. Kd3 Nd6 92.
Bh3+ Kf6 93. Bd7 Ke7 94. Bc6 Ke6 95. Bb5 Kf6 96. Ke3 Ke6 97. Bc4+ Kf5 98. Bd5
Kf6 99. Be4 Ke6 100. Kf4 Kf6 101. Bg2 Ke6 102. Bf3 Kf6 103. Bg4 b5 104. axb5
Nxb5 105. Ke4 a4 106. bxa4 Nc3+ 107. Kd3 Nxa4 108. Kc4 Ke7 109. d5 Nb6+ 110. Kb3
Nxd5 1/2-1/2

[Event "AI Cup Div 3 W"]
[Site "chess.com INT"]
[Date "2023.09.25"]
[Round "1.2"]
[White "Matlakov, Maxim"]
[Black "Xiong, Jeffery"]
[Result "1/2-1/2"]
[WhiteTitle "GM"]
[BlackTitle "GM"]
[WhiteElo "2674"]
[BlackElo "2693"]
[WhiteFideId "4168003"]
[BlackFideId "2047640"]
[EventDate "2023.09.25"]
[EventType "k.o."]

1. c4 c5 2. Nf3 Nf6 3. Nc3 d5 4. cxd5 Nxd5 5. g3 Nc6 6. Bg2 Nc7 7. a3 g6 8. h4
h5 9. d3 Bg7 10. Be3 Nd4 11. Rc1 Bg4 12. Nh2 Be6 13. Bxd4 cxd4 14. Na4 Bd5 15.
O-O Bxg2 16. Kxg2 Bh6 17. Rc2 Ne6 18. Nf3 Qd5 19. b4 b6 20. Nb2 O-O 21. Nc4 Rfc8
22. a4 Rc7 23. b5 Rac8 24. Ra2 Rc5 25. Qb1 Ng7 26. Ne5 Nf5 27. Nc6 a5 28. Rc2
Rxc2 29. Qxc2 f6 30. Qc4 Qxc4 31. dxc4 e5 32. Rb1 Bf8 33. Nd2 Ne7 34. Nxe7+ Bxe7
35. Rc1 Kf7 36. Nb3 Ba3 37. Rc2 Ke6 38. f4 Bc5 39. Kf3 Kf5 40. Nd2 Bb4 41. Ne4
Ke6 42. fxe5 Kxe5 43. Rc1 f5 44. Nf2 Kd6 45. Nd3 Re8 46. Rc2 Re3+ 47. Kf2 Bc5
48. Rc1 Re4 49. Kf3 Re3+ 50. Kf2 Re4 51. Kf3 Re3+ 52. Kf2 1/2-1/2

[Event "AI Cup Div 3 W"]
[Site "chess.com INT"]
[Date "2023.09.25"]
[Round "1.3"]
[White "Kravtsiv, Martyn"]
[Black "Robson, Ray"]
[Result "0-1"]
[WhiteTitle "GM"]
[BlackTitle "GM"]
[WhiteElo "2598"]
[BlackElo "2699"]
[WhiteFideId "14113147"]
[BlackFideId "2023970"]
[EventDate "2023.09.25"]
[EventType "k.o."]

1. e4 e5 2. Nf3 Nf6 3. Nxe5 d6 4. Nf3 Nxe4 5. Qe2 Qe7 6. d3 Nf6 7. Bg5 Qxe2+ 8.
Bxe2 Be7 9. Nc3 c6 10. O-O-O h6 11. Bd2 Na6 12. h3 Bd7 13. g4 O-O-O 14. Rde1
Rde8 15. g5 hxg5 16. Nxg5 Rhf8 17. Bf4 Nc5 18. Rhg1 g6 19. h4 Ne6 20. Bg3 Ng7
21. Nce4 Nf5 22. Nxf6 Bxf6 23. Nh7 Nxg3 24. fxg3 Bd4 25. Nxf8 Bxg1 26. Nxd7 Be3+
27. Kd1 Kxd7 28. Rf1 f5 29. c3 Bb6 30. g4 fxg4 31. Bxg4+ Ke7 32. d4 Rh8 33. Re1+
Kf7 34. Be6+ Kf6 35. Bd7 Kf7 36. Kc2 Bd8 37. Bc8 b6 38. Bb7 c5 39. Bd5+ Kg7 40.
dxc5 dxc5 41. Re6 Bxh4 42. Be4 Bf6 43. Rc6 Re8 44. Bd3 g5 45. Bf5 Re5 46. Bc8
Re2+ 47. Kb3 Re4 48. Rc7+ Re7 49. Rc6 Re4 50. Be6 g4 51. Rc7+ Kg6 52. Bd5 Re7
53. Rc8 g3 54. Kc4 Kf5 55. Rg8 Bg5 56. Rf8+ Bf6 57. a4 Re2 58. Rg8 Bg5 59. Rf8+
Bf6 60. Rg8 Bg5 61. Rg7 Rxb2 62. Rxa7 g2 63. Bxg2 Rxg2 64. Rb7 Bd8 65. Rd7 Rg8
66. Kd5 Bf6 67. c4 Ra8 68. Rd6 Rd8 69. Kc6 Rxd6+ 70. Kxd6 Bc3 71. Kc6 Ba5 72.
Kd5 Kf4 73. Kc6 Ke4 0-1

[Event "AI Cup Div 3 W"]
[Site "chess.com INT"]
[Date "2023.09.25"]
[Round "1.3"]
[White "Radjabov, Teimour"]
[Black "Paravyan, David"]
[Result "1/2-1/2"]
[WhiteTitle "GM"]
[BlackTitle "GM"]
[WhiteElo "2745"]
[BlackElo "2599"]
[WhiteFideId "13400924"]
[BlackFideId "4194985"]
[EventDate "2023.09.25"]
[EventType "k.o."]

1. d4 d5 2. c4 e6 3. Nc3 Nf6 4. cxd5 Nxd5 5. Bd2 c5 6. dxc5 Bxc5 7. e3 O-O 8.
Nf3 Nc6 9. a3 Be7 10. Qc2 Nxc3 11. Bxc3 Bf6 12. Bxf6 Qxf6 13. Bd3 h6 14. O-O Bd7
15. Rfd1 Rfd8 16. Be4 Be8 17. b4 Rac8 18. Qb3 b6 19. h3 g6 20. Rac1 Rxd1+ 21.
Rxd1 Kg7 22. Qc2 Ne7 23. Qd3 Bc6 24. Bxc6 Nxc6 25. Qa6 Rc7 26. Qc4 Rc8 27. Rd7
Ne7 28. Qd4 Rc1+ 29. Kh2 Nc6 30. Qd6 b5 31. Rc7 e5 32. Qxf6+ Kxf6 33. Nd2 Ke6
34. Nb3 Rc3 35. Nc5+ Rxc5 36. bxc5 Kd5 37. Rxf7 a5 38. f4 b4 39. axb4 axb4 40.
g4 exf4 41. exf4 Nd4 42. f5 gxf5 43. gxf5 Kxc5 44. f6 Kd6 45. Rb7 Ne6 46. f7 Nf8
47. Kg3 Ke6 48. Kg4 Kf6 49. Rxb4 Kxf7 50. Kf5 Ng6 51. Rb7+ Ne7+ 52. Ke5 h5 53.
h4 Kf8 54. Ke6 Nc6 55. Kf6 Kg8 56. Rc7 Nd4 57. Rc4 Nf3 58. Rf4 Nh2 59. Kg6 Ng4
60. Re4 Kf8 61. Ra4 Ne5+ 62. Kxh5 Kg7 63. Kg5 Nf7+ 64. Kg4 Nh6+ 65. Kf4 Nf7 66.
Ra6 Nh6 67. Re6 Nf7 68. Kg4 Nh6+ 69. Kg5 Nf7+ 70. Kh5 Nh8 71. Kg4 Nf7 72. h5
Nh6+ 73. Kf4 Nf7 74. Re7 Kf6 75. Ra7 Nh6 76. Ra6+ Kg7 77. Ra7+ Nf7 78. h6+ Kg6
79. h7 Nh8 80. Kg4 Kh6 81. Kf5 Ng6 82. Kf6 Nh8 83. Rb7 Ng6 84. Rb1 Kxh7 85. Rh1+
Kg8 86. Kxg6 Kf8 1/2-1/2

[Event "AI Cup Div 3 W"]
[Site "chess.com INT"]
[Date "2023.09.25"]
[Round "1.3"]
[White "Matlakov, Maxim"]
[Black "Xiong, Jeffery"]
[Result "1/2-1/2"]
[WhiteTitle "GM"]
[BlackTitle "GM"]
[WhiteElo "2674"]
[BlackElo "2693"]
[WhiteFideId "4168003"]
[BlackFideId "2047640"]
[EventDate "2023.09.25"]
[EventType "k.o."]

1. c4 c5 2. g3 g6 3. Bg2 Bg7 4. Nc3 Nc6 5. a3 d6 6. Rb1 Qd7 7. b4 Bxc3 8. dxc3
Nf6 9. Nh3 O-O 10. O-O Ne5 11. Bg5 Qf5 12. Bxf6 Qxf6 13. Nf4 Be6 14. Nxe6 fxe6
15. bxc5 dxc5 16. Rxb7 Rad8 17. Qa4 Rd2 18. Qxa7 Nxc4 19. Qxc5 Nd6 20. Qe3 Ra2
21. Bh3 Kh8 22. Bxe6 Rxa3 23. Rb3 Ra5 24. Bh3 Re5 25. Qd3 Ne4 26. Qd4 Ng5 27.
Bg4 Re4 28. Qxf6+ exf6 29. f4 f5 30. fxg5 Rxg4 31. Rf4 Rxg5 32. Rb7 Rc8 33. c4
h5 34. Kf2 Rg4 35. Rxg4 hxg4 36. Rb4 Kg7 37. Ke3 Kf6 38. Kd4 Rd8+ 39. Kc5 Ke5
40. Rb5 Rc8+ 41. Kb4+ Kd4 42. Rd5+ Ke3 43. Rd6 Rh8 44. c5 Rxh2 45. c6 Rh8 46.
Rxg6 Kxe2 47. c7 Rc8 48. Rc6 Kf3 49. Rc3+ Kg2 50. Kb5 Rxc7 51. Rxc7 Kxg3 52. Kc4
Kf2 53. Kd3 g3 54. Rc2+ Kf3 55. Rc5 g2 56. Rxf5+ Kg3 57. Rg5+ Kf2 58. Rf5+ Kg3
59. Ke2 g1=Q 60. Rg5+ Kh2 61. Rxg1 Kxg1 1/2-1/2

[Event "AI Cup Div 3 W"]
[Site "chess.com INT"]
[Date "2023.09.25"]
[Round "2.1"]
[White "Esipenko, Andrey"]
[Black "Tomashevsky, Evgeny"]
[Result "0-1"]
[WhiteTitle "GM"]
[BlackTitle "GM"]
[WhiteElo "2683"]
[BlackElo "2694"]
[WhiteFideId "24175439"]
[BlackFideId "4147235"]
[EventDate "2023.09.25"]
[EventType "k.o."]

1. e4 e5 2. Nf3 Nc6 3. Bc4 Bc5 4. d3 Nf6 5. Nc3 a6 6. Nd5 h6 7. Be3 d6 8. Bxc5
dxc5 9. a4 Be6 10. Ne3 Qe7 11. O-O Bxc4 12. Nxc4 b6 13. Ne3 g6 14. Nd2 O-O-O 15.
f4 Rd7 16. Qf3 Nd4 17. Qf2 exf4 18. Nd5 Nxd5 19. exd5 Nxc2 20. Rac1 Ne3 21. Rfe1
g5 22. Nc4 Rxd5 23. a5 b5 24. Nxe3 fxe3 25. Rxe3 Qd6 26. Qxf7 Rf8 27. Qg7 Qf4
28. Ree1 Kb7 29. h3 Rxd3 30. Qxh6 Qd4+ 31. Kh1 Rf5 32. Qh7 Rd5 33. Re7 Rd7 34.
Rxd7 Qxd7 35. Qxd7 Rxd7 36. Rxc5 Rd2 37. Rxg5 Rxb2 38. h4 Re2 39. h5 b4 40. h6
Re6 41. Rh5 b3 42. h7 b2 43. h8=Q b1=Q+ 44. Kh2 Re1 45. Rh3 Rh1+ 46. Kg3 Qe1+
47. Kg4 Qe4+ 48. Kg3 Qe1+ 49. Kg4 Qe6+ 50. Kg5 Qd5+ 51. Kf4 Rb1 52. Rf3 Rb4+ 53.
Kg3 Qg5+ 54. Kh3 Qxa5 55. Qe8 Qd5 56. Qe2 a5 57. Kh2 a4 58. Rd3 Qc6 59. Qe7 Qh6+
60. Rh3 Qf4+ 61. Rg3 Qh4+ 62. Qxh4 Rxh4+ 63. Kg1 Kb6 64. Kf2 c5 65. Ke2 Rd4 66.
Rg8 Kb5 67. g4 a3 68. Rb8+ Kc4 69. g5 a2 70. Ra8 Kb3 71. g6 Rg4 72. Rb8+ Kc3 73.
Ra8 Rxg6 0-1

[Event "AI Cup Div 3 W"]
[Site "chess.com INT"]
[Date "2023.09.25"]
[Round "2.1"]
[White "Kramnik, Vladimir"]
[Black "Martinez Alcantara, Jose Eduardo"]
[Result "0-1"]
[WhiteTitle "GM"]
[BlackTitle "GM"]
[WhiteElo "2753"]
[BlackElo "2611"]
[WhiteFideId "4101588"]
[BlackFideId "3805662"]
[EventDate "2023.09.25"]
[EventType "k.o."]

1. d4 Nf6 2. Nf3 e6 3. e3 b6 4. Bd3 Bb7 5. O-O Be7 6. c4 O-O 7. Nc3 d5 8. cxd5
exd5 9. b3 a6 10. Bb2 Bd6 11. Rc1 Nbd7 12. Ne2 Re8 13. Ng3 g6 14. Rc2 Qe7 15.
Qe2 c6 16. Rfc1 a5 17. Qd1 Ne4 18. Bxe4 dxe4 19. Nd2 Nf6 20. Nc4 Bxg3 21. hxg3
Nd5 22. Ba3 Qd7 23. Ne5 Qe6 24. Nxc6 f6 25. Bb2 Rec8 26. Ne5 fxe5 27. dxe5 Rd8
28. Rd2 Rd7 29. Rc4 Rad8 30. Rcd4 Bc6 31. Qc1 Bb7 32. a3 Rc8 33. Qd1 h5 34. b4
axb4 35. axb4 b5 36. Qb3 Rcd8 37. Qd1 Bc6 38. Qc1 Ne7 39. Rc2 Rd5 40. Rxd5 Bxd5
41. Rd2 Rc8 42. Qa1 g5 43. Qa5 h4 44. Qxb5 Kf7 45. Qe2 Rh8 46. g4 h3 47. g3 h2+
48. Kh1 Rb8 49. Qd1 Bb3 50. Qc1 Qxg4 51. e6+ Bxe6 52. Qc3 Qf3+ 53. Kxh2 Rg8 54.
b5 Qh5+ 55. Kg1 Rg6 56. f4 Rh6 57. Qg7+ Ke8 58. Rg2 Qd1+ 59. Kf2 Qd2+ 0-1